Menton - Choix multiples - Statistiques

Statistiques générales
  • Ce quiz a été pris 30 fois
  • Le résultat moyen est 5 sur 10
Statistiques - réponses
Question Réponse % Correct
De quel pays Menton est-elle frontalière ? L'Italie
96%
Pour quel fruit la ville de Menton est-elle célèbre ? Le citron
93%
Reconnaissez-vous Menton sur l'une des images suivantes ?
71%
Quelle famille a financé la construction de la principale église de Menton vers 1619 ? Les Grimaldi
68%
Dans quel film avec Louis de Funès plusieurs scènes se déroulent et ont été tournées au poste-frontière de Menton ? Le Corniaud
54%
De quelle ancienne série télévisée britannique, un épisode a également été partiellement tourné au même poste-frontière de Menton ? Amicalement vôtre
39%
Quelle spécialité culinaire provençale est décorée de graines de fenouil et parfumée à la fleur d'oranger et à l'anis vert dans sa variante de Menton ? La fougasse
39%
Le ou laquel(le) parmi ces saint(e)s n'est pas représenté(e) par une statue au-dessus des trois portes ouvrant sur les trois nefs de la principale église de Menton ? Sainte Dévote
25%
Comment désigne-t-on le parler local, terme qui est également l'un des gentilés de Menton ? Le mentonasque
18%
D'après quel archipel du Pacifique est nommée la plage la plus orientale de la commune de Menton ? Hawaï
11%
Aucun quiz correspondant
Distribution des résultats
% des personnes avec chaque résultat
Percentile par nombre de réponses
Votre historique - résultats
Vous n’avez pas pris ce quiz